000 00627nam a22002177a 4500
003 UA-OsUOA
001 126803
007 ta
008 20171106b un ||||| |||| 00| 0 ukr d
100 _aЧеркас О.
090 _a82
_bЧ-48
942 _cSA
040 _aUA-OsUOA
_bukr
_cUA-OsUOA
_dUA-OsUOA
245 _aСвоєрідність художньої деталі в повісті П.Загребельного "Гола душа"
300 _aС.54-62
955 _a0
041 _aukr
080 _a82
773 0 _w126800
650 7 _a82 Література. Літературознавство
_2UDC
999 _c413927
_d413927